| 000 | 00443nab a2200145Ia 4500 | ||
|---|---|---|---|
| 003 | ES-SlBCS | ||
| 005 | 20210601131854.0 | ||
| 008 | 140529s1971 xxu||||| |||| 00| 0 ger d | ||
| 041 | _ager | ||
| 100 | 1 |
_aBrunner, Georg _9189602 |
|
| 245 | 0 | 0 |
_aNaturrecht und Sowjetideologie _c Georg Brunner |
| 650 | 0 | 4 |
_aDerecho Natural-Comunismo _9189603 |
| 773 | 0 |
_tAnales de la Catedra Francisco Suarez _gnº. 11, 1971, págs. 47-68 _wRev1020 |
|
| 942 | _cAR | ||
| 999 |
_c570270 _d570270 |
||